Lelkigyakorlat Vella atyával

Bibliographic Details
Main Author: Mészáros, Angelika (Author)
Format: Article
Language:Hungarian
PhysicalDescription:Fotogr.
ISSN:1335-6534
Subjects:

MARC

LEADER 00000nab a2200000 a 4500
001 vtls011737829
003 SK-MaSNL
005 20260318133301.0
008 180122|2018 xo w| 000 02hun
015 |a SNBRB2018/01 
038 |a DSZK 
040 |a DSZK  |b slo  |c DSZK  |e AACR2 
041 0 |a hun 
044 |a xo  |c SK 
080 |a 27-548.7  |2 2011 
080 |a 27-548.5-051  |2 2011 
100 1 |a Mészáros, Angelika  |4 aut  |9 266787 
245 1 0 |a Lelkigyakorlat Vella atyával  |c Mészáros Angelika 
300 |b Fotogr. 
600 1 7 |a Vella, Elias,  |d 1941-2022  |2 dszk  |9 117029 
650 0 7 |a exorcizmus  |2 dszk  |9 2019 
650 0 7 |a exorcisti  |2 dszk  |9 94249 
650 0 7 |a duchovné cvičenia  |2 dszk  |9 1723 
651 7 |a Dunajská Streda (Slovensko)  |2 dszk  |9 17375 
773 0 |t Remény  |g Évf. XXIX, sz. 3 (2018), o. 13  |x 1335-6534 
852 |a DSZK  |b KIS3GCP 
958 |a HU 
958 |a SK 
958 |a NT 
999 |c 2116821  |d 2118751